Didaktika českého jazyka pro 2.-4. ročník ZŠ /

Hlavní autor: Kvapilová Brabcová, Radoslava, 1935-2021
Korporativní autor: Univerzita Karlova. Pedagogická fakulta (Praha, Česko)
Jazyk: Čeština
Vydáno: Praha : Státní pedagogické nakladatelství, 1986
Vydání: 2. vyd. (v SPN 1.)
Témata:
Fyzický popis: 202 s.
Knihy
Uloženo v:
LEADER 01240nam a22003012a 4500
001 000065312
003 CZ BrMZK
005 20070918085500.0
007 ta
008 950407s1986 xr f cze d
040 |a BOA001  |b cze 
080 9 |a 808.50(075.8) 
080 9 |a 37.02(075.8) 
080 9 |a 378.4 
100 1 |a Kvapilová Brabcová, Radoslava,  |d 1935-2021  |7 jk01012876  |4 aut 
245 1 0 |a Didaktika českého jazyka pro 2.-4. ročník ZŠ /  |c Radoslava Brabcová a kolektiv 
250 |a 2. vyd. (v SPN 1.) 
260 |a Praha :  |b Státní pedagogické nakladatelství,  |c 1986 
300 |a 202 s. 
550 |a Vydavatel: Univerzita Karlova v Praze, Pedagogická fakulta 
710 2 |a Univerzita Karlova.  |b Pedagogická fakulta (Praha, Česko)  |7 kn20010710353 
910 |a BOA001  |b PK-N-0025.289  |b 4-0904.465 
920 |a 000220982 
964 |a Čeština - didaktika - učebnice - školy vysoké 
990 |a BK 
996 7 |b 2619913442  |c 4-0904.465  |l MZK  |r Sklad / do 1 hodiny  |n 21  |w 000065312  |u 000030  |a 1  |e BOA001  |j MZK50  |s A 
996 7 |b 3119961667  |c PK-N-0025.289  |l MZK  |r Sklad / do 1 hodiny  |n 19  |w 000065312  |u 000010  |a 1  |e BOA001  |j MZK50  |s A 
996 7 |b 3119965255  |c PK-N-0025.289  |l MZK  |r Sklad / do 1 hodiny  |n 16  |w 000065312  |u 000020  |a 1  |e BOA001  |j MZK50  |s A